Macroeconomics / (Record no. 1951)

MARC details
000 -LEADER
fixed length control field 01753nam a22002057a 4500
020 ## - INTERNATIONAL STANDARD BOOK NUMBER
ISBN 007322295x
020 ## - INTERNATIONAL STANDARD BOOK NUMBER
ISBN 9780073222950
022 ## - INTERNATIONAL STANDARD SERIAL NUMBER
ISSN 0072978856
050 ## - CALL NUMBER
Classification number HB172.5
Item number .C638
100 ## - AUTHOR
Personal name David C Colander
245 ## - TITLE
Title Macroeconomics /
Statement of responsibility, etc David C Colander
250 ## - EDITION
Edition statement 6. ed
260 ## - PUBLICATION INFORMATION
Place of publication Boston, Mass.
Name of publisher [u.a.] McGraw-Hill/Irwin
Year of publication 2006
300 ## - DESCRIPTION
Number of Pages XXIV, 497, [36] S
Other physical details Ill., graph. Darst
Dimensions 26cm.
500 ## - NOTES
General note Includes index.<br/><br/><br/><br/>
505 ## - FORMATTED CONTENTS NOTE
Table of Content I: Introduction: Thinking Like An Economist Chapter 1: Economics and Economic Reasoning Chapter 2: Trade, Trade-off's and Government Policy Chapter 3: The Evolving U.S. Economy in Perspective Chapter 4: Supply and Demand Chapter 5: Using Supply and Demand Chapter 6: Economic Growth, Business Cycles, Unemployment, and Inflation Chapter 7: National Income Accounting II: The Macroeconomic Framework Chapter 8: Growth, Productivity, and the Wealth of Nations Chapter 9: Aggregate Demand, Aggregate Supply, and Modern Macroeconomics Chapter 10: The Multiplier Model III: Money, Inflation, and Monetary Policy Chapter 11: Money, Banking, and the Financial Sector Chapter 12: Monetary Policy and the Debate about Macro Policy Chapter 13: Inflation and Its Relationship to Unemployment and Growth IV: Macro Policy in Perspective Chapter 14: Aggregate Demand Policy in Perspective Chapter 15: Politics, Deficits,and Debt Chapter 16: Macro Policies in Developing Countries V: International Policy Issues Chapter 17: International Trade Policy, Comparative Advantage, and Outsourcing Chapter 18: International Financial Policy Chapter 19: Macro Policy in a Global Setting Glossary Colloquial Glossary Index
650 ## - SUBJECTS
Topical Term Macroeconomics.
650 ## - SUBJECTS
Topical Term Macroeconomics
942 ## - ADDED ENTRY ELEMENTS (KOHA)
Koha item type Books
Holdings
Withdrawn status Lost status Collection code Home library Current library Shelving location Date acquired Full call number Accession Number Copy number Koha item type
    Reference Methodist University Library Main Methodist University Library Main General Stacks   HB172.5 .C638 18591 1 Books
Copyright © 2026  MUG Library